000 01257nam0a22002531 4500
001 rc\2799742
005 20250529174120.0
035 _a(NLR Aleph) 006925766
090 _a7495148
_c7495148
100 _a20110915d1936 |||y0rusy50 ca
101 0 _arus
102 _aRU
105 _aa z |||||
200 1 _aТаблицы для вычисления широт, долгот и азимутов тригонометрических пунктов на сфероиде Бесселя для широт от 60º до 80º...
_fСост. воен. геодезистом К. В. Шарнгорст, гидрогр.-геодезистом Н. Н. Матусевич
_gГидрогр. упр. Главсевморпути при СНК СССР
210 _aЛенинград
_cИзд-во Главсевморпути
_d1936
_gкартотип. Гидрогр. отд. УМС РККА
215 _aОбл., 64 с.
_cчерт.
_d25х17 см.
700 1 _aШарнгорст
_bК.В.
_f1846-1908
_gКонстантин Васильевич
701 1 _aМатусевич
_bН.Н.
_gНиколай Николаевич
801 0 _aRU
_bNLR
_gpsbo
801 1 _aRU
_bELAR
_2rusmarc
852 _aNLR
_j36-12/466
942 _cBOOK
980 _aNB